US State by Picture - Statistics

General Stats
  • This quiz has been taken 40 times
  • The average score is 9 of 12
Answer Stats
Picture Answer % Correct
California
100%
Arizona
97%
New York
97%
Hawaii
94%
Washington
94%
Texas
82%
Alaska
79%
South Dakota
79%
Illinois
76%
Vermont
67%
Massachusetts
58%
Louisiana
18%
No matching quizzes found
Score Distribution
Percent of People with Each Score
Percentile by Number Answered
Your Score History
You have not taken this quiz